[Event "Frankfurt Ch A 2016"]
[Site "Ffm-Höchst, BiKuZ"]
[Date "2016.05.30"]
[Round "5.14"]
[White "Gutacker, Stephan"]
[Black "Benninger, Rudolf"]
[Result "0-1"]
[WhiteElo "1777"]
[BlackElo "1970"]
[PlyCount "56"]
[EventDate "2016.??.??"]
[WhiteTeam "Sfr. Kelkheim"]
[BlackTeam "SC Heusenstamm"]

1. e4 g6 2. d4 Bg7 3. c3 d5 4. Nd2 Nh6 5. Bd3 O-O 6. Ngf3 c6 7. O-O f6 8. Re1
e6 9. c4 Nf7 10. exd5 cxd5 11. cxd5 exd5 12. Nf1 Nc6 13. Bd2 Bg4 14. Bc3 Ng5
15. Be2 Ne4 16. Ne3 Be6 17. Qb3 Qd7 18. Nd2 f5 19. Nf3 Rad8 20. h4 h6 21. Rad1
Bf6 22. Ne5 Nxe5 23. dxe5 Bxh4 24. g3 f4 25. Nxd5 fxg3 26. f3 Qf7 27. Rf1 Nf2
28. Bc4 Qxf3 0-1

[Event "Frankfurt Ch A 2016"]
[Site "Ffm-Höchst, BiKuZ"]
[Date "2016.05.30"]
[Round "5.16"]
[White "Gräbner, Walter"]
[Black "Grossjohann, Daniel"]
[Result "1/2-1/2"]
[WhiteElo "1949"]
[BlackElo "1838"]
[PlyCount "153"]
[EventDate "2016.??.??"]
[WhiteTeam "SC Nied"]
[BlackTeam "SC Bad Soden"]

1. d4 Nf6 2. Nf3 g6 3. Bf4 d6 4. e3 Bg7 5. Bd3 O-O 6. h3 h6 7. O-O Nh5 8. Bh2
c5 9. c3 Qb6 10. Qb3 Be6 11. Qxb6 axb6 12. Nbd2 d5 13. Be5 Nd7 14. Bxg7 Nxg7
15. a3 c4 16. Bc2 b5 17. e4 f5 18. exd5 Bxd5 19. Rfe1 e6 20. Ne5 Nxe5 21. Rxe5
Rfc8 22. Rae1 Kf7 23. Bd1 b4 24. axb4 Ra2 25. Bf3 Rxb2 26. Bxd5 exd5 27. Re7+
Kf6 28. Nf3 Rc2 29. Rxb7 Rxc3 30. Ree7 Rxf3 31. gxf3 Ne6 32. f4 Nxf4 33. Rec7
Re8 34. Rb6+ Kg5 35. b5 Ne2+ 36. Kg2 Nxd4 37. Rg7 Ne6 38. Rd7 c3 39. Rxe6 Rxe6
40. Rxd5 Rb6 41. Rc5 c2 42. Rxc2 Rxb5 43. Rc3 Rb4 44. Ra3 Kh5 45. Rc3 g5 46.
Rc5 f4 47. Rc6 Rb8 48. Ra6 Rg8 49. Rf6 Rg6 50. Rf5 Kh4 51. Rf8 Rc6 52. Rh8 h5
53. Rg8 Rc3 54. Rh8 Rxh3 55. f3 Rg3+ 56. Kf2 g4 57. fxg4 Kxg4 58. Rg8+ Kh3 59.
Rf8 Rg4 60. Rh8 Rg5 61. Kf3 Rf5 62. Rg8 Kh4 63. Rg1 Rf7 64. Rh1+ Kg5 65. Rg1+
Kh6 66. Rh1 Rf8 67. Rh2 Rf5 68. Rh1 Kg6 69. Rh2 Kf7 70. Rh1 Ke6 71. Re1+ Re5
72. Rh1 Rf5 73. Re1+ Kd5 74. Re4 h4 75. Rxf4 Rh5 76. Kg2 Ke5 77. Ra4 1/2-1/2

[Event "Frankfurt Ch A 2016"]
[Site "Ffm-Höchst, BiKuZ"]
[Date "2016.05.30"]
[Round "5.18"]
[White "Benikhis, Avram"]
[Black "Budde, Michael"]
[Result "1/2-1/2"]
[WhiteElo "1782"]
[BlackElo "1934"]
[PlyCount "105"]
[EventDate "2016.??.??"]
[WhiteTeam "SC Eschbach"]
[BlackTeam "SC Flörsheim"]

1. d4 Nf6 2. c4 c5 3. d5 b5 4. b3 g6 5. Nf3 d6 6. Bb2 Bg7 7. Nbd2 bxc4 8. bxc4
Qb6 9. Rb1 Qa5 10. Qc2 O-O 11. Bc3 Qa3 12. Bb2 Qa5 13. Bc3 Qc7 14. h3 e6 15.
Qb2 Nbd7 16. dxe6 fxe6 17. e3 Rb8 18. Qc2 Ba6 19. Rxb8 Rxb8 20. Ng5 Nf8 21. Bd3
h6 22. Ngf3 Qf7 23. O-O N6d7 24. Rb1 Bxc3 25. Rxb8 Nxb8 26. Qxc3 Qg7 27. Qxg7+
Kxg7 28. Ne4 d5 29. Nxc5 Bxc4 30. Bxc4 dxc4 31. Kf1 Kf6 32. Ke2 Nfd7 33. Ne4+
Ke7 34. Kd2 Nc6 35. Kc3 Nb6 36. Ned2 Kf6 37. Nxc4 Nd5+ 38. Kd2 h5 39. a3 g5 40.
Kd3 e5 41. Nfd2 Ke6 42. Ne4 Kf5 43. Ncd6+ Ke6 44. Kc4 g4 45. Kc5 gxh3 46. Kxc6
hxg2 47. Ng5+ Kf6 48. Nh3 Nc3 49. f3 Ne2 50. Ne4+ Kg6 51. Kd5 g1=Q 52. Nxg1
Nxg1 53. Kxe5 1/2-1/2

[Event "Frankfurt Ch A 2016"]
[Site "Ffm-Höchst, BiKuZ"]
[Date "2016.05.30"]
[Round "5.19"]
[White "Roggensack, Hans Peter"]
[Black "Vega Lopez de Nava, Cesar Octavi"]
[Result "1-0"]
[WhiteElo "1992"]
[BlackElo "1845"]
[PlyCount "91"]
[EventDate "2016.??.??"]
[WhiteTeam "SF Frankfurt"]
[BlackTeam "SV Rüsselsheim"]

1. e4 c5 2. Nf3 d6 3. Bb5+ Bd7 4. c4 g6 5. Bxd7+ Nxd7 6. Nc3 Bg7 7. O-O Ngf6 8.
Re1 O-O 9. Rb1 Rc8 10. d3 a6 11. Nd5 e6 12. Ne3 Qa5 13. a3 Ne8 14. b4 cxb4 15.
axb4 Qh5 16. d4 Nef6 17. Qd3 d5 18. cxd5 Nb6 19. dxe6 fxe6 20. Bb2 Kh8 21. Rbc1
Rcd8 22. Rc5 Qh6 23. Bc1 Nfd7 24. Ra5 Rc8 25. Nc4 Rxf3 26. gxf3 Qh3 27. Nxb6
Nxb6 28. Bf4 Nc4 29. Rc5 Rf8 30. Bg3 Nb6 31. Rc7 h5 32. Qf1 Qxf1+ 33. Kxf1 Bxd4
34. Kg2 Na4 35. Rxb7 Nc3 36. Rd7 e5 37. Re7 Rb8 38. Bxe5+ Bxe5 39. Rxe5 Rxb4
40. Ra5 Rb2 41. Rxa6 Ne2 42. Rxe2 Rxe2 43. Rxg6 Kh7 44. Rg5 Kh6 45. h4 Re1 46.
e5 1-0

[Event "Frankfurt Ch A 2016"]
[Site "Ffm-Höchst, BiKuZ"]
[Date "2016.05.30"]
[Round "5.20"]
[White "Kautz, Thomas"]
[Black "Kellerwessel, Ralf"]
[Result "0-1"]
[WhiteElo "1714"]
[BlackElo "1923"]
[PlyCount "78"]
[EventDate "2016.??.??"]
[WhiteTeam "SK Niederbrechen"]
[BlackTeam "SC Bad Soden"]

1. d4 Nf6 2. Nf3 g6 3. c4 Bg7 4. Nc3 d5 5. e3 O-O 6. Bd3 c6 7. O-O Bg4 8. h3
Bxf3 9. Qxf3 e6 10. Bd2 Nbd7 11. Rac1 Re8 12. Rfd1 a6 13. cxd5 exd5 14. b4 Qe7
15. a4 Ne4 16. b5 axb5 17. axb5 f5 18. bxc6 bxc6 19. Ne2 Ra2 20. Be1 Rc8 21.
Nf4 Ndf6 22. Bxe4 fxe4 23. Qg3 Bh6 24. Qh4 Kg7 25. Rb1 g5 26. Qg3 Kf7 27. Nh5
Qc7 28. Qxc7+ Rxc7 29. Nxf6 Kxf6 30. Rb6 Rc2 31. Bb4 Ke6 32. Rd2 Rxd2 33. Bxd2
Bf8 34. Bb4 Bd6 35. Bxd6 Kxd6 36. Rb8 Rg7 37. Rf8 Ke7 38. Rf5 Ke6 39. Kh2 Kxf5
0-1

[Event "Frankfurt Ch A 2016"]
[Site "Ffm-Höchst, BiKuZ"]
[Date "2016.05.30"]
[Round "5.21"]
[White "Rutsatz, Mario"]
[Black "Klamser, Dietmar"]
[Result "1-0"]
[WhiteElo "1900"]
[BlackElo "1809"]
[PlyCount "100"]
[EventDate "2016.??.??"]
[WhiteTeam "SF Frankfurt"]
[BlackTeam "SC Groß-Umstadt"]

1. e4 d5 2. exd5 Qxd5 3. Nc3 Qd6 4. d4 Nf6 5. Nf3 c6 6. Bg5 Bg4 7. Qd2 g6 8.
Ne5 Be6 9. O-O-O Nbd7 10. Nc4 Qc7 11. Bf4 Qd8 12. Bd3 Bg7 13. Bh6 Bxh6 14. Qxh6
Qc7 15. f3 O-O-O 16. Kb1 Nd5 17. Nxd5 Bxd5 18. Ne3 Nf6 19. c4 Be6 20. Nc2 Kb8
21. Qe3 Rhe8 22. g4 Bc8 23. Rde1 Ka8 24. Re2 h5 25. g5 Ng8 26. f4 Bg4 27. Rd2
Bc8 28. Rf1 e6 29. Qe5 Kb8 30. Re1 Ne7 31. Rde2 Rd6 32. Qf6 Ng8 33. Qg7 Red8
34. c5 R6d7 35. Qe5 Ne7 36. Be4 Qxe5 37. fxe5 Kc7 38. Rf2 Nf5 39. Bxf5 exf5 40.
e6 Re7 41. exf7 Rxe1+ 42. Nxe1 Be6 43. Re2 Bxf7 44. Nf3 Bc4 45. Re7+ Kc8 46.
Kc2 Rf8 47. Ne5 Rd8 48. Nxc4 Rxd4 49. Nd6+ Kd8 50. Rxb7 Rg4 1-0

[Event "Frankfurt Ch A 2016"]
[Site "Ffm-Höchst, BiKuZ"]
[Date "2016.05.30"]
[Round "5.22"]
[White "Diehl, Stefan"]
[Black "Beinrucker, Clemens"]
[Result "1/2-1/2"]
[WhiteElo "1699"]
[BlackElo "1899"]
[PlyCount "71"]
[EventDate "2016.??.??"]
[WhiteTeam "SC Höchst"]
[BlackTeam "SK Niederbrechen"]

1. f4 g6 2. Nf3 Bg7 3. e3 d5 4. d4 Nh6 5. Bd3 O-O 6. O-O Bf5 7. Nc3 c6 8. Ne2
Bxd3 9. Qxd3 Nf5 10. g4 Nd6 11. Ng3 Nd7 12. Bd2 Nf6 13. Bb4 Nxg4 14. b3 Nf6 15.
a4 Qb6 16. Bc5 Qc7 17. Rab1 b6 18. Bxd6 exd6 19. f5 Rae8 20. fxg6 hxg6 21. Nh4
Ne4 22. Rf3 Qe7 23. Ng2 Nxg3 24. Rxg3 Qe4 25. Rf1 Bh6 26. Qe2 Qxd4 27. Qh5 Qg7
28. Qh4 Re4 29. Qh3 Rfe8 30. Qd7 R8e7 31. Qxc6 Bxe3+ 32. Nxe3 Rxe3 33. Qxd5
R3e6 34. Rgf3 f5 35. Rg3 Qe5 36. Rxg6+ 1/2-1/2

[Event "Frankfurt Ch A 2016"]
[Site "Ffm-Höchst, BiKuZ"]
[Date "2016.05.30"]
[Round "5.23"]
[White "Cors, Heinz-Friedrich"]
[Black "Varma, Christopher"]
[Result "1-0"]
[WhiteElo "1857"]
[BlackElo "1655"]
[PlyCount "73"]
[EventDate "2016.??.??"]
[WhiteTeam "Schachforum Darmstadt"]
[BlackTeam "SC Bad Nauheim"]

1. e4 e6 2. d4 d5 3. e5 c5 4. c3 Nc6 5. Nf3 Bd7 6. Be2 f6 7. O-O Qc7 8. Bf4
Nge7 9. Bg3 Qb6 10. Qd2 Nf5 11. Rd1 Nxg3 12. hxg3 fxe5 13. dxe5 Be7 14. c4 d4
15. Re1 O-O 16. Bd3 Nb4 17. Be4 Bc6 18. a3 Bxe4 19. Rxe4 Nc6 20. Qc2 Rf5 21. g4
Rf7 22. Nbd2 Raf8 23. Nf1 Rf4 24. Rae1 Qd8 25. Qd3 g6 26. Ng3 Bh4 27. Rxf4 Rxf4
28. Ne4 Be7 29. g5 b6 30. Nf6+ Bxf6 31. exf6 Qd6 32. Nd2 Rf5 33. Qh3 Re5 34.
Ne4 d3 35. Nxd6 Rxe1+ 36. Kh2 Ne5 37. Qxe6+ 1-0

[Event "Frankfurt Ch A 2016"]
[Site "Ffm-Höchst, BiKuZ"]
[Date "2016.05.30"]
[Round "5.24"]
[White "Neubauer, Robert"]
[Black "Medvedovski, Michael"]
[Result "0-1"]
[WhiteElo "1773"]
[BlackElo "1995"]
[PlyCount "48"]
[EventDate "2016.??.??"]
[WhiteTeam "SK Bad Homburg"]
[BlackTeam "Frankfurter TV"]

1. e4 c5 2. Nf3 Nc6 3. d4 cxd4 4. Nxd4 e5 5. Nb5 d6 6. N1c3 a6 7. Na3 b5 8. Nd5
Nge7 9. c4 Nxd5 10. exd5 Nd4 11. cxb5 Bd7 12. Be3 axb5 13. Bxd4 exd4 14. Qxd4
Be7 15. Nxb5 O-O 16. Qb4 Bf6 17. Bd3 Qe7+ 18. Kf1 Qe5 19. Nc3 Rfb8 20. Qe4 Qh5
21. Qe2 Qxe2+ 22. Bxe2 Rxb2 23. Ne4 Be5 24. h3 Rb4 0-1

[Event "Frankfurt Ch A 2016"]
[Site "Ffm-Höchst, BiKuZ"]
[Date "2016.05.30"]
[Round "5.25"]
[White "Nagelsdiek, Ralf"]
[Black "Hinz, André"]
[Result "1-0"]
[WhiteElo "1983"]
[BlackElo "1698"]
[PlyCount "97"]
[EventDate "2016.??.??"]
[WhiteTeam "SC Bad Soden"]
[BlackTeam "SC Brett vorm Kopp"]

1. c4 Nc6 2. Nc3 e5 3. g3 f5 4. Bg2 Nf6 5. d3 Bb4 6. Bd2 O-O 7. Nh3 e4 8. O-O
Kh8 9. a3 Bxc3 10. Bxc3 d6 11. Nf4 Ne5 12. dxe4 Nxe4 13. Bxe4 fxe4 14. Bxe5
dxe5 15. Qxd8 Rxd8 16. Nd5 Bh3 17. Rfd1 c6 18. Ne3 Rd4 19. c5 Be6 20. b4 Rad8
21. Rab1 a6 22. g4 Rxd1+ 23. Rxd1 Rxd1+ 24. Nxd1 Bxg4 25. Nc3 Bf5 26. Na4 g5
27. Kf1 Kg7 28. Ke1 Be6 29. Kd2 Kf6 30. Ke3 Kf5 31. Nc3 Bd5 32. a4 h5 33. b5 g4
34. Nxd5 cxd5 35. b6 d4+ 36. Kd2 h4 37. c6 e3+ 38. Ke1 d3 39. exd3 g3 40. fxg3
hxg3 41. hxg3 Kg4 42. Ke2 Kxg3 43. cxb7 a5 44. b8=Q Kf4 45. b7 Kg4 46. Qxe5 Kh4
47. Qg7 Kh3 48. Kf3 Kh4 49. Qh6# 1-0

[Event "Frankfurt Ch A 2016"]
[Site "Ffm-Höchst, BiKuZ"]
[Date "2016.05.30"]
[Round "5.26"]
[White "Fröhlich-Dill, Astrid"]
[Black "Pfeffer, Marko"]
[Result "0-1"]
[WhiteElo "1712"]
[BlackElo "1972"]
[PlyCount "52"]
[EventDate "2016.??.??"]
[WhiteTeam "SV Hofheim"]
[BlackTeam "SC Bergen-Enkheim"]

1. d4 Nf6 2. c4 Nc6 3. Nc3 e5 4. d5 Ne7 5. Bg5 Ng6 6. g3 Bc5 7. Nf3 h6 8. Bd2
e4 9. Na4 Bxf2+ 10. Kxf2 exf3 11. exf3 O-O 12. Bc3 d6 13. b3 c6 14. Kg2 Re8 15.
Bd3 b5 16. Bxf6 Qxf6 17. cxb5 cxd5 18. Bxg6 Qxg6 19. Rc1 Bf5 20. Re1 Rac8 21.
b6 axb6 22. Nxb6 Rxe1 23. Rxc8+ Bxc8 24. Qxe1 Qc2+ 25. Kh1 Bh3 26. Qg1 Qd3 0-1

[Event "Frankfurt Ch A 2016"]
[Site "Ffm-Höchst, BiKuZ"]
[Date "2016.05.30"]
[Round "5.27"]
[White "Zimpfer, Andreas"]
[Black "Rauscher, Joachim"]
[Result "1/2-1/2"]
[WhiteElo "1894"]
[BlackElo "1697"]
[PlyCount "104"]
[EventDate "2016.??.??"]
[WhiteTeam "SC Matt im Park"]
[BlackTeam "SC Brett vorm Kopp"]

1. d4 d5 2. c4 e6 3. cxd5 exd5 4. Nc3 Nf6 5. Bg5 Be7 6. e3 O-O 7. Bd3 c6 8. Qc2
Nbd7 9. Nge2 Re8 10. O-O Nf8 11. Rad1 Nh5 12. Bxe7 Qxe7 13. Rfe1 Be6 14. a3 a5
15. Na4 Nf6 16. Nf4 Qc7 17. Nxe6 Nxe6 18. b4 axb4 19. axb4 Ra7 20. Rc1 Rea8 21.
Nc3 Qe7 22. Rb1 b5 23. Ne2 Qd6 24. Rec1 Ra6 25. g3 g6 26. Kg2 Ng5 27. Ng1 Qd7
28. h4 Nge4 29. Nf3 Ra2 30. Rb2 Rxb2 31. Qxb2 Ng4 32. Bxe4 dxe4 33. Ng5 h6 34.
Nh3 Qd5 35. Nf4 Qd7 36. Rc5 Nf6 37. Qc2 Qg4 38. Qe2 Qd7 39. d5 Nxd5 40. Nxd5
cxd5 41. Rxb5 d4 42. exd4 Qxd4 43. Rb7 Qd3 44. Qe3 Ra1 45. g4 Qf1+ 46. Kg3 Qg1+
47. Kf4 Ra8 48. b5 Qd1 49. Qc3 Qd6+ 50. Ke3 Ra3 51. Rb8+ Qxb8 52. Qxa3 Qxb5
1/2-1/2

[Event "Frankfurt Ch A 2016"]
[Site "Ffm-Höchst, BiKuZ"]
[Date "2016.05.30"]
[Round "5.28"]
[White "Zerhusen, Martin"]
[Black "Thomele, Michael"]
[Result "1/2-1/2"]
[WhiteElo "1684"]
[BlackElo "1885"]
[PlyCount "113"]
[EventDate "2016.??.??"]
[WhiteTeam "SV Oberursel"]
[BlackTeam "SC Obernau"]

1. d4 d5 2. c4 c6 3. Nc3 Nf6 4. e3 e6 5. Nf3 Nbd7 6. Be2 Bd6 7. O-O O-O 8. a3
Re8 9. Rb1 e5 10. dxe5 Nxe5 11. cxd5 cxd5 12. Nxd5 Bf5 13. Nxf6+ Qxf6 14. Ra1
Rad8 15. Qa4 Qg6 16. Nxe5 Bxe5 17. f4 Bb8 18. Bf3 Bd3 19. Rd1 b5 20. Qb3 Bc4
21. Rxd8 Rxd8 22. Qc2 Qb6 23. Bd2 Bxf4 24. Re1 Bb8 25. Bc3 Qd6 26. g3 Bd3 27.
Qf2 Qg6 28. Rd1 Re8 29. Bd4 h5 30. Qg2 Rc8 31. Qh3 Rc2 32. Qh4 Bc7 33. Qh3 Be4
34. Rf1 Bxf3 35. Rxf3 Rc1+ 36. Rf1 Rxf1+ 37. Kxf1 Bd6 38. Qc8+ Kh7 39. Qb7 h4
40. gxh4 Bxh2 41. Qxb5 Qg1+ 42. Ke2 Qg2+ 43. Kd1 Qe4 44. Qh5+ Kg8 45. Qg5 Qh1+
46. Kc2 f6 47. Qg6 Qc6+ 48. Kb1 Qh1+ 49. Ka2 Qd5+ 50. b3 Be5 51. Qe8+ Kh7 52.
Bxe5 fxe5 53. Qh5+ Kg8 54. Qg5 Qd2+ 55. Kb1 Qd1+ 56. Kb2 Qd2+ 57. Kb1 1/2-1/2

[Event "Frankfurt Ch A 2016"]
[Site "Ffm-Höchst, BiKuZ"]
[Date "2016.05.30"]
[Round "5.29"]
[White "Pabel, Ralph"]
[Black "Stricker, Konstantin"]
[Result "1-0"]
[WhiteElo "1867"]
[BlackElo "1690"]
[PlyCount "75"]
[EventDate "2016.??.??"]
[WhiteTeam "SK Mainaschaff"]
[BlackTeam "SC Eschbach"]

1. c4 c6 2. Nc3 d5 3. e3 Nf6 4. d4 e6 5. Qc2 Be7 6. a3 Bd7 7. Bd3 O-O 8. Nf3 h6
9. O-O Bd6 10. Re1 Re8 11. e4 dxe4 12. Nxe4 Nxe4 13. Bxe4 f5 14. Bd3 Qf6 15.
Bd2 Na6 16. Bc3 Qf7 17. b4 Nc7 18. Re2 Re7 19. Rae1 Rae8 20. a4 b6 21. Bd2 c5
22. dxc5 bxc5 23. Ne5 Bxe5 24. Rxe5 Na6 25. b5 Nb4 26. Bxb4 cxb4 27. c5 a5 28.
bxa6 Bc6 29. Bb5 Rc8 30. Qb3 Qg6 31. f3 Rcc7 32. Rxe6 Qf7 33. Bc4 Kf8 34. Rxe7
Rxe7 35. Bxf7 Rxe1+ 36. Kf2 Re7 37. Bg6 f4 38. Qxb4 1-0

[Event "Frankfurt Ch A 2016"]
[Site "Ffm-Höchst, BiKuZ"]
[Date "2016.05.30"]
[Round "5.30"]
[White "Heun, Andreas"]
[Black "Krüger, Till"]
[Result "0-1"]
[WhiteElo "1662"]
[BlackElo "1865"]
[PlyCount "86"]
[EventDate "2016.??.??"]
[WhiteTeam "SC Ladja Roßdorf"]
[BlackTeam "SC Nidderau"]

1. d4 Nf6 2. c4 g6 3. Nc3 Bg7 4. Bg5 d6 5. Qd2 Nbd7 6. e4 c5 7. O-O-O cxd4 8.
Qxd4 Nc5 9. e5 Nh5 10. Nf3 Qa5 11. g4 dxe5 12. Qe3 Bxg4 13. Bxe7 Bxf3 14. Qxf3
Kxe7 15. Nd5+ Kf8 16. b4 e4 17. Qxf7+ Kxf7 18. bxa5 Nd3+ 19. Bxd3 exd3 20. Rxd3
Bh6+ 21. Kc2 Rac8 22. Rf3+ Kg7 23. Kd3 Rhf8 24. Rxf8 Kxf8 25. Rb1 Nf4+ 26. Nxf4
Bxf4 27. Rxb7 Rc7 28. Rxc7 Bxc7 29. h3 Bxa5 30. Ke4 Ke7 31. Kd5 Kd7 32. f3 Bc7
33. Kc5 Bd6+ 34. Kb5 Kc7 35. a4 Kb7 36. c5 a6+ 37. Kc4 Bf4 38. Kd5 g5 39. a5 h5
40. c6+ Kc7 41. Kc5 h4 42. Kd5 Bd6 43. Ke4 Kxc6 0-1

[Event "Frankfurt Ch A 2016"]
[Site "Ffm-Höchst, BiKuZ"]
[Date "2016.05.30"]
[Round "5.31"]
[White "Wagner, Günter"]
[Black "Makilla, Tobias"]
[Result "1/2-1/2"]
[WhiteElo "1592"]
[BlackElo "1864"]
[PlyCount "46"]
[EventDate "2016.??.??"]
[WhiteTeam "SV Groß-Gerau"]
[BlackTeam "SC Hattersheim"]

1. Nf3 Nc6 2. g3 e5 3. d3 d5 4. Bg2 f5 5. O-O Nf6 6. c4 Be6 7. Ng5 Bg8 8. Qa4
Qd7 9. cxd5 Nxd5 10. Nc3 O-O-O 11. Nxd5 Bxd5 12. e4 fxe4 13. Bh3 exd3 14. Bxd7+
Rxd7 15. Be3 a6 16. a3 h6 17. Ne4 Be7 18. Rfd1 Be6 19. b4 Nd4 20. Rab1 Ne2+ 21.
Kg2 Bd5 22. f3 Bxe4 23. fxe4 Nc3 1/2-1/2

[Event "Frankfurt Ch A 2016"]
[Site "Ffm-Höchst, BiKuZ"]
[Date "2016.05.30"]
[Round "5.32"]
[White "Göbel, Andreas"]
[Black "Merten, Rainer"]
[Result "1/2-1/2"]
[WhiteElo "1864"]
[BlackElo "1663"]
[PlyCount "80"]
[EventDate "2016.??.??"]
[WhiteTeam "SC Brett vorm Kopp"]
[BlackTeam "SV Frankfurt Nord"]

1. Nf3 d5 2. g3 Nf6 3. Bg2 e6 4. O-O c5 5. d4 Nc6 6. c4 Be7 7. cxd5 Nxd5 8. Nc3
Nf6 9. dxc5 Qxd1 10. Rxd1 Bxc5 11. Bf4 a6 12. Ne5 Nxe5 13. Bxe5 Bxf2+ 14. Kf1
Ba7 15. Bxf6 gxf6 16. Ne4 Ke7 17. Nd6 Rb8 18. Rac1 Bb6 19. Nxc8+ Rhxc8 20. Rxc8
Rxc8 21. Bxb7 Rc2 22. Bxa6 Rxb2 23. a4 Rb4 24. Bb5 Rd4 25. Rb1 h5 26. Rc1 f5
27. Rc6 Rd6 28. Rc8 Rd8 29. Rc3 Rd4 30. Kg2 f4 31. Rd3 Rxd3 32. Bxd3 fxg3 33.
Kxg3 f5 34. Kf3 Kf6 35. e4 Ke5 36. exf5 exf5 37. Bb5 Bc7 38. Be8 Kf6 39. Bxh5
Kg5 40. Be8 Ba5 1/2-1/2

[Event "Frankfurt Ch A 2016"]
[Site "Ffm-Höchst, BiKuZ"]
[Date "2016.05.30"]
[Round "5.33"]
[White "Zimmer, Gerald"]
[Black "Ackermann, Robert"]
[Result "1/2-1/2"]
[WhiteElo "1854"]
[BlackElo "1658"]
[PlyCount "99"]
[EventDate "2016.??.??"]
[WhiteTeam "SC Bergen-Enkheim"]
[BlackTeam "SC Bad Soden"]

1. d4 Nf6 2. c4 g6 3. Nc3 Bg7 4. e4 d6 5. f3 O-O 6. Be3 e5 7. Nge2 Nc6 8. d5
Ne7 9. g4 c6 10. Ng3 cxd5 11. cxd5 a6 12. a4 Qa5 13. Kf2 Bd7 14. Be2 Rfc8 15.
Qb3 Qd8 16. a5 h5 17. g5 Nh7 18. h4 f5 19. gxf6 Nxf6 20. Qb4 Be8 21. Bf1 Bb5
22. Bxb5 axb5 23. Rhc1 Qd7 24. Kg2 Kh7 25. Qxb5 Bh6 26. Qxd7 Nxd7 27. Bxh6 Kxh6
28. b4 Nf6 29. Na4 Rab8 30. Nb6 Rxc1 31. Rxc1 Ne8 32. Ne2 g5 33. hxg5+ Kxg5 34.
Kh3 h4 35. Rg1+ Kh5 36. f4 exf4 37. Nxf4+ Kh6 38. Ne6 Ng6 39. Nd4 Nf6 40. Nf5+
Kh5 41. Rxg6 Kxg6 42. Nxh4+ Kg5 43. Kg3 Nxe4+ 44. Kf3 Re8 45. Ng2 Nc3 46. Ne3
Kf6 47. Nbc4 Nb5 48. Kf4 Rh8 49. Ke4 Rh1 50. Kd3 1/2-1/2

[Event "Frankfurt Ch A 2016"]
[Site "Ffm-Höchst, BiKuZ"]
[Date "2016.05.30"]
[Round "5.34"]
[White "Menning, Uwe"]
[Black "Götting, Ulrich"]
[Result "1-0"]
[WhiteElo "1837"]
[BlackElo "1652"]
[PlyCount "51"]
[EventDate "2016.??.??"]
[WhiteTeam "FC Bierstadt"]
[BlackTeam "SC Bad Soden"]

1. d4 f5 2. e4 d6 3. Nc3 g6 4. Bd3 fxe4 5. Nxe4 Nf6 6. h4 Nxe4 7. Bxe4 c5 8. h5
g5 9. Qd3 c4 10. Qxc4 e6 11. Qb5+ Nc6 12. Bxg5 Qa5+ 13. Qxa5 Nxa5 14. Bf6 Rg8
15. Bxh7 Rxg2 16. Kf1 Kf7 17. Kxg2 Kxf6 18. Bd3 Bh6 19. Ne2 Bd7 20. Rag1 Bc6+
21. f3 Be3 22. b4 Rg8+ 23. Kf1 Rxg1+ 24. Nxg1 Bxg1 25. Rxg1 Be8 26. h6 1-0

[Event "Frankfurt Ch A 2016"]
[Site "Ffm-Höchst, BiKuZ"]
[Date "2016.05.30"]
[Round "5.35"]
[White "Worzelberger, Armin"]
[Black "Thede, Stefan"]
[Result "0-1"]
[WhiteElo "1810"]
[BlackElo "1645"]
[PlyCount "124"]
[EventDate "2016.??.??"]
[WhiteTeam "SC Grunbach"]
[BlackTeam "SV Frankfurt Nord"]

1. e4 d6 2. Bc4 Nf6 3. Nc3 g6 4. h4 Bg7 5. d4 c6 6. Bf4 b5 7. Bd3 Qb6 8. Nge2
Nbd7 9. d5 Nc5 10. dxc6 Nxd3+ 11. Qxd3 b4 12. Nd5 Qxc6 13. Nd4 Qb7 14. Qb5+
Qxb5 15. Nc7+ Kd7 16. Ndxb5 Rb8 17. e5 Nh5 18. Bh2 Kc6 19. O-O-O dxe5 20. Rhe1
a6 21. Nd5 Rxb5 22. Nxe7+ Kb7 23. Rd5 Rxd5 24. Nxd5 a5 25. c4 Bh6+ 26. Kc2 f6
27. f3 Be6 28. Rd1 Nf4 29. Bxf4 Bxf4 30. Nxf6 Kc6 31. Kb3 Be3 32. g4 h6 33. Re1
Bf4 34. Rd1 Kc7 35. Nd5+ Bxd5 36. Rxd5 Ra8 37. Ka4 Kc6 38. a3 bxa3 39. Kxa3 h5
40. gxh5 gxh5 41. Ka4 Bg3 42. b3 Ra7 43. Rd8 Rf7 44. Rh8 Rf5 45. Rh6+ Kc5 46.
Kxa5 Bxh4 47. Rh8 Be1+ 48. Ka6 Rf6+ 49. Kb7 h4 50. Rc8+ Kb4 51. c5 Rh6 52. c6
Kxb3 53. Rd8 Ba5 54. Rd1 Rh7+ 55. Ka6 Bc7 56. Kb5 h3 57. Kc5 h2 58. Rh1 Rh4 59.
Kd5 Kc3 60. Ke6 Kd3 61. Kd7 Rh7+ 62. Ke6 Ke3 0-1

[Event "Frankfurt Ch A 2016"]
[Site "Ffm-Höchst, BiKuZ"]
[Date "2016.05.30"]
[Round "5.36"]
[White "Crnjac, Zdravko"]
[Black "Stock, Jürgen"]
[Result "0-1"]
[WhiteElo "1516"]
[BlackElo "1780"]
[PlyCount "86"]
[EventDate "2016.??.??"]
[WhiteTeam "FV Berkersheim"]
[BlackTeam "SC Eschborn"]

1. e4 e6 2. d4 d5 3. e5 c5 4. c3 Nc6 5. Be3 Qb6 6. Qc2 cxd4 7. cxd4 Bb4+ 8. Nc3
Nxd4 9. Qd3 Bc5 10. b4 Nc2+ 11. Qxc2 Bxe3 12. fxe3 Qxe3+ 13. Be2 Bd7 14. Qd3
Qxe5 15. Nf3 Qd6 16. O-O Nf6 17. Nb5 Qb6+ 18. Kh1 O-O 19. Ng5 Bxb5 20. Qxb5 Qe3
21. Nh3 Ne4 22. Rf3 Qd2 23. Bd3 Nd6 24. Qd7 Qxb4 25. Qe7 Rfe8 26. Qg5 h6 27.
Qh5 e5 28. Rb1 Qd4 29. Rxb7 e4 30. Rf4 Nxb7 31. Qxf7+ Kh8 32. Rh4 Nd6 33. Qg6
Qa1+ 34. Ng1 exd3 35. Rxh6+ gxh6 36. Qxh6+ Kg8 37. Qg6+ Qg7 38. Qxd6 Rad8 39.
Qf4 Re1 40. h4 Rde8 41. Qf5 Rxg1+ 42. Kxg1 Re1+ 43. Kh2 Qe5+ 0-1

[Event "Frankfurt Ch A 2016"]
[Site "Ffm-Höchst, BiKuZ"]
[Date "2016.05.30"]
[Round "5.37"]
[White "Adair, Robin"]
[Black "Fußnecker, Manfred"]
[Result "1-0"]
[WhiteElo "1647"]
[BlackElo "1924"]
[PlyCount "64"]
[EventDate "2016.??.??"]
[WhiteTeam "SC Nidderau"]
[BlackTeam "SF Frankfurt"]

1. d4 Nf6 2. g3 c5 3. d5 d6 4. Bg2 g6 5. Nf3 Bg7 6. O-O Bg4 7. c4 O-O 8. Nc3
Na6 9. h3 Bf5 10. Nh4 Bd7 11. e4 Rb8 12. a4 Nb4 13. f4 Nh5 14. Kh2 e6 15. Bf3
Nf6 16. dxe6 Bxe6 17. Be2 Re8 18. f5 Bd7 19. fxg6 fxg6 20. Bg5 Qe7 21. Bf3 Qe6
22. Bg2 Bc6 23. Nd5 Bxd5 24. exd5 Qe5 25. Bf4 Qxb2 26. Rb1 Qa2 27. Bxd6 Ne4 28.
Bxb8 Rxb8 29. Nf3 Nc3 30. Qe1 Nd3 31. Qe6+ Kh8 32. Ng5 Be5 1-0

[Event "Frankfurt Ch A 2016"]
[Site "Ffm-Höchst, BiKuZ"]
[Date "2016.05.30"]
[Round "5.39"]
[White "Koch, Thomas"]
[Black "Kretner, Georg-Ulrich"]
[Result "0-1"]
[WhiteElo "1632"]
[BlackElo "1880"]
[PlyCount "113"]
[EventDate "2016.??.??"]
[WhiteTeam "SV Ffm-Griesheim"]
[BlackTeam "SC Bad Nauheim"]

1. e4 g6 2. d4 Bg7 3. f4 d6 4. Nf3 Nf6 5. Nc3 O-O 6. Bd3 Nc6 7. d5 Nb8 8. O-O
c6 9. Qe2 a5 10. a4 Na6 11. h3 Nc5 12. Bc4 e6 13. dxe6 Bxe6 14. e5 Nd5 15. Nxd5
cxd5 16. Bb5 Ne4 17. Kh2 Rc8 18. c3 Nc5 19. Be3 Bf5 20. Rad1 Be4 21. Bf2 h6 22.
c4 dxc4 23. Bxc4 d5 24. Bb5 Ne6 25. Qe3 Rc2 26. Rd2 Qc7 27. Rfd1 Rc8 28. Nd4
Rxd2 29. Rxd2 Nxf4 30. Nf3 Ne6 31. Bg3 Qc5 32. Qb3 Qc1 33. Rxd5 Bxd5 34. Qxd5
Qc7 35. b3 Rd8 36. Qe4 Qe7 37. Bh4 g5 38. Bf2 Nc5 39. Qe3 b6 40. Bg3 Ne6 41.
Qxb6 Qb4 42. Be1 Qxb3 43. Qxa5 Qd1 44. Bc4 Nf4 45. Bb3 Qd3 46. Bc4 Qd7 47. Bb5
Qd1 48. Bc4 Rb8 49. Qc7 Rf8 50. a5 Ne6 51. Qc6 Qa1 52. Bxe6 fxe6 53. Qxe6+ Kh8
54. Qd5 Rxf3 55. Qxf3 Qxe1 56. Qa8+ Kh7 57. Qe4+ 0-1

[Event "Frankfurt Ch A 2016"]
[Site "Ffm-Höchst, BiKuZ"]
[Date "2016.05.30"]
[Round "5.40"]
[White "Brehme, Ralf-Peter"]
[Black "Laufenburg, Frank"]
[Result "1-0"]
[WhiteElo "1856"]
[BlackElo "1622"]
[PlyCount "54"]
[EventDate "2016.??.??"]
[WhiteTeam "Vorw.Orient Mainz"]
[BlackTeam "SC Bergen-Enkheim"]

1. f4 d5 2. Nf3 Nf6 3. d3 Bf5 4. g3 c6 5. Bg2 Qb6 6. e3 h6 7. O-O e6 8. Qe2
Nbd7 9. Nc3 Bd6 10. Kh1 O-O 11. Nh4 Rfe8 12. e4 Bg4 13. Qe1 dxe4 14. dxe4 e5
15. f5 Bh5 16. h3 g5 17. fxg6 Bxg6 18. Nxg6 fxg6 19. Bxh6 Qxb2 20. Rb1 Qa3 21.
Rb3 Qa6 22. Qd2 Be7 23. Qg5 Kh7 24. Nd1 Rg8 25. Rbf3 c5 26. Ne3 Qe6 27. Ng4
Raf8 1-0